000 00430nam a2200169Ia 4500
001 24630
003 IN-NITTTR
005 20251114233314.0
008 251113s9999||||xx |||||||||||||| ||eng||
040 _beng
040 _cIN-NITTTR
041 _aeng
082 _a629.89 P273P
100 _aPateriya, Narendra Pratap
245 0 _aPC based programmable temperature controller. /
_cPateriya, Narendra Pratap
942 _2ddc
_cBK
999 _c27259
_d27259